banner-ar

THE ART OF OGATA KENZAN: PESSONA AND PRODUCTION IN JAPENESE CERAMICS / (Record no. 19299)

MARC details
000 -الفاتح
حقل البيانات ثابتة الطول 00545nam a2200193Ia 4500
008 - عناصر البيانات ثابتة الطول - معلومات عامة
حقل البيانات ثابتة الطول 140319s9999 xx 000 0 eng d
040 ## - مصدر الفهرسة
وكالة الفهرسة الأصلية GCL /
وكالة النسخ GCL
082 04 - رقم تصنيف ديوى العشرى
رقم التصنيف 738.092
رقم المادة W A
100 1# - المدخل الرئيسى - إسم شخصى
الإسم الشخصى WILSEN RICHARD L
245 10 - بيان العنوان
العنوان THE ART OF OGATA KENZAN: PESSONA AND PRODUCTION IN JAPENESE CERAMICS /
بيان المسئوليه,etc WILSEN RICHARD L
260 ## - PUBLICATION, DISTRIBUTION, ETC. (IMPRINT)
تاريخ النشر أو التوزيع 1991
300 ## - الوصف المادى
التعداد 271 P
650 04 - المدخل الاضافى بالموضوع-مصطلح موضوعى
مصطلح موضوعي JAPAN
650 04 - المدخل الاضافى بالموضوع-مصطلح موضوعى
مصطلح موضوعي OGATA, KENZAN, 1663-1743
650 04 - المدخل الاضافى بالموضوع-مصطلح موضوعى
مصطلح موضوعي JAPAN - BIOGRAPHIES
650 04 - المدخل الاضافى بالموضوع-مصطلح موضوعى
مصطلح موضوعي JAPAN - POTTERY
942 ## - عناصر المدخل الإضافي( كوها)
مصدر التصنيف او مخطط الترفيف Dewey Decimal Classification
Koha [default] item type كتاب
260 ## - PUBLICATION, DISTRIBUTION, ETC. (IMPRINT)
-- [S.N] :
-- WEATHERHILL ،
Holdings
حالة التراجع حالة الفقد حالة تلف ليس للاعارة المكان المؤقت الموقع الحالى تاريخ الاكتساب اجمالي اﻻعارات رقم الطلب الباركود تاريخ اخر مشاهدة تاريخ تفعيل السعر نوع وعاء كوها
        مكتبة القاهرة الكبرى مكتبة القاهرة الكبرى 03/26/2014   738.092\W A 36871 03/26/2014 03/26/2014 كتاب

Powered By

EGPV